1987 1353 1923 1201 1641 1150 1005 1822 1437 1855 1687 1034 1001 1044 1394 1033 1139 1952 1751 1585 1230 1133 1262 1844 1696 1232 1035 1402 1852 1355 1840 1627 1775 1039 1732 1918 1360 1197 1006 1321 1738 1085 1820 1810 1933 1919 1553 1751 1124 1854 1416 1818 1823 1398 1054 1532 1273 1566 1103 1766 1540 1809 1229 1420 1351 1209 1044 1543 1041 1697 1661 1889 1846 1027 1830 1986 1477 1461 1355 1060 1154 1472 1297 1065 1956 1433 1992 1550 1776 1787 1371 1975 1568 1554 1317 1628 1885 1670 1115 BCNSPRNW ULIB Ver.6.0+V

เปลี่ยนเป็นภาษาไทย

Change to English
 แสดงรายละเอียดบรรณานุกรม
  กลับหน้าหลัก

Brief Record : Get Marc (ISO 2709) : E-mail record : QR code < ปิดหน้าต่าง
LEADER : 00000nam 2200000uu 4500
001    13399113116
003     ULIB
008    110927s2546||||th 000 0 tha d
020    9744840625
050  4 Q175.5^bส778ศ 2546
100 0  สุทัศน์ ยกส้าน
245 10 ศาสตร์พิศวง /^cสุทัศน์ ยกส้าน
260    กรุงเทพฯ :^bสารคดี,^c2546
300    204 หน้า :^bภาพประกอบ ;^c21 ซม.
440  0 วิทยาการแห่งอารยะ
591    cl มี พิมพ์ครั้งที่ 2 (ปี 2546)
650  4 วิทยาศาสตร์^vรวมเรื่อง
653    Open Your Eyes Project
945    ^p140^l0^i015986
995    ทศพร
999 ^a ทศพร
รายการนี้ยังไม่มีแท็ก
คุณยังไม่ได้ล็อกอิน คุณสามารถมีกิจกรรมร่วมกับเว็บไซต์ได้ แต่ต้องล็อกอินก่อน ::
  ล็อกอิน

รายการสื่อสารสนเทศ

ลำดับที่ ประเภท เลขเรียก/บาร์โค้ด สถานที่ สถานะ
- ไม่พบข้อมูล -

รายการใกล้เคียง
    ผู้แต่ง [สุทัศน์ ยกส้าน]

BibComment


ยังไม่เคยถูกคอมเมนท์

คอมเมนท์ทรัพยากรรายการนี้
  คอมเมนท์: ศาสตร์พิศวง สุทั..


 Copyright 2026. Bcnsprnw @Library